| 000 -CABECERA |
| fixed length control field |
01764nam a22002897i 4500 |
| 003 - IDENTIFICADOR DEL NÚMERO DE CONTROL |
| control field |
AR-CdUCM |
| 008 - DATOS DE LONGITUD FIJA--INFORMACIÓN GENERAL |
| fixed length control field |
260429b2023 do||| |||| 00| 0 spa d |
| 020 ## - NÚMERO INTERNACIONAL ESTÁNDAR DEL LIBRO |
| ISBN |
978-612-45900-6-1 |
| 040 ## - FUENTE DE LA CATALOGACIÓN |
| Agencia/entidad que catalogó originalmente la obra |
MUNICIPALIDAD PROVINCIAL DEL CUSCO |
| Entidad que transcribió la catalogación |
BIBLIOTECA MUNICIPAL DEL CUSCO |
| 082 ## - NÚMERO DE LA CLASIFICACIÓN DECIMAL DEWEY |
| No. de la edición |
4ª Ed. |
| No. de Clasificación |
616.0252 |
| Notacion interna |
M36 |
| 100 ## - ENTRADA PRINCIPAL--NOMBRE DE PERSONA |
| Nombre Personal |
Medina Cabrera, Alejandro |
| 245 ## - MENCIÓN DE TÍTULO |
| Título |
Primeros auxilios e inyectables / |
| 260 ## - PUBLICACIÓN, DISTRIBUCIÓN, ETC. |
| Lugar de publicación, distribución, etc. |
Lima, Perú : |
| Nombre de la editorial, distribuidor, etc. |
Edigraber |
| Fecha de publicación, distribución, etc. |
2023 |
| 300 ## - DESCRIPCIÓN FÍSICA |
| Nº de Páginas Extensión |
800 páginas. : |
| Dimensiones |
14,5x20 cm. |
| 500 ## - NOTA GENERAL |
| Bibliografía |
Bibliografía : página 800 |
| 505 ## - NOTA DE CONTENIDO CON FORMATO |
| Nota de contenido formateada |
Introducción a los primeros auxilios -- Evaluación inicial del paciente -- Signos vitales y su control -- Bioseguridad en la atención de emergencias -- Manejo de heridas y hemorragias -- Tratamiento de quemaduras -- Fracturas, esguinces y luxaciones -- Reanimación cardiopulmonar (RCP) básica -- Obstrucción de vías aéreas y maniobras de desobstrucción -- Atención en casos de shock -- Intoxicaciones y envenenamientos -- Emergencias médicas comunes -- Transporte adecuado de pacientes -- Principios de farmacología básica -- Técnicas de inyección intradérmica -- Técnicas de inyección subcutánea -- Técnicas de inyección intramuscular -- Preparación y administración de medicamentos -- Materiales e instrumentos para inyectables -- Normas de asepsia y antisepsia -- Manejo de residuos biocontaminados |
| 650 ## - PUNTO DE ACCESO ADICIONAL DE MATERIA--TÉRMINO DE MATERIA |
| Descriptor |
Primeros auxilios |
| 9 (RLIN) |
24100 |
| 650 ## - PUNTO DE ACCESO ADICIONAL DE MATERIA--TÉRMINO DE MATERIA |
| Descriptor |
Inyecciones (Medicina) |
| 9 (RLIN) |
52790 |
| 650 ## - PUNTO DE ACCESO ADICIONAL DE MATERIA--TÉRMINO DE MATERIA |
| Descriptor |
Atención de emergencias |
| 9 (RLIN) |
52791 |
| 650 ## - PUNTO DE ACCESO ADICIONAL DE MATERIA--TÉRMINO DE MATERIA |
| Descriptor |
Enfermería básica |
| 9 (RLIN) |
52792 |
| 650 ## - PUNTO DE ACCESO ADICIONAL DE MATERIA--TÉRMINO DE MATERIA |
| Descriptor |
Técnicas de inyección |
| 9 (RLIN) |
52793 |
| 650 ## - PUNTO DE ACCESO ADICIONAL DE MATERIA--TÉRMINO DE MATERIA |
| Descriptor |
Procedimientos médicos básicos |
| 9 (RLIN) |
52794 |
| 856 ## - LOCALIZACIÓN Y ACCESO ELECTRÓNICOS |
| Dirección electrónica |
www.edigraberperu.com |
| 942 ## - ELEMENTOS DE PUNTO DE ACCESO ADICIONAL (KOHA) |
| Fuente de clasificación |
|
| Tipo de item |
Libros-BMC |
| 945 ## - PROCESAMIENTO DE INFORMACIÓN LOCAL (OCLC) |
| Catalogador |
esh |
| AAAA-MM-DD - Fecha de ingreso o modificacion |
29-04-2026 |